Diseño de una alternativa de solución para prevenir y disminuir el problema de contaminación generado por la actividad productora de banano en la E.A.R.T.H
Na minha lista:
| Autor principal: | |
|---|---|
| Outros Autores: | |
| Formato: | Livro |
| Publicado em: |
San José, Costa Rica
1991
|
| Assuntos: | |
| Tags: |
Adicionar Tag
Sem tags, seja o primeiro a adicionar uma tag!
|
MARC
| LEADER | 00000nam a2200000Ia 4500 | ||
|---|---|---|---|
| 003 | 007395 | ||
| 005 | 20221231144305.0 | ||
| 008 | 140114s1991 cr a m 000 ||s d | ||
| 040 | |c cru CEDI | ||
| 090 | |a TFG 3111 | ||
| 100 | |a Lizano G., Gerardo |9 11428 | ||
| 245 | |a Diseño de una alternativa de solución para prevenir y disminuir el problema de contaminación generado por la actividad productora de banano en la E.A.R.T.H | ||
| 260 | |c 1991 |a San José, Costa Rica | ||
| 300 | |a 146, [39] hojas : ilustraciones ; 28 cm | ||
| 500 | |a Proyecto de graduación (licenciatura en ingeniería industrial)--Universidad de Costa Rica. Facultad de Ingeniería. Escuela de Ingeniería Industrial | ||
| 650 | |x CONTAMINACION - COSTA RICA |x APROVECHAMIENTO DE RESIDUOS |9 11430 | ||
| 700 | |9 11429 |a Murillo J., Javier | ||
| 942 | |c TFG | ||
| 999 | |c 19661 |d 19661 | ||
